000 00978nam a2200313Ia 4500
003 OSt
005 20220912150805.0
006 a|||||r|||| 00| 0
007 ta
008 220909b |||||||| |||| 00| 0 eng d
020 _a079239013X (hbd)
024 _a4250
037 _bShankar,
037 _cTextual
040 _aCSL
_beng
_cCSL
041 _aeng
082 _aB2T0b8B, N0
100 _aHanssens Dominique M
245 0 _aMarket response models: Econometric and time series analysis
260 _aBoston
_bKluwer Academic Publishers
_c1990
300 _axii, 388p
490 _aInternational series in quantitative marketing
500 _aBibliography 339-380p; Indexes 381-388p
650 _aOperations research irt Marketing
700 _a Parsons Leonard J
700 _a Schultz Randall L
942 _hB2T0b8B, N0
_cTEXL
_2CC
999 _c55043
_d55043